000
00238nam a2200097Ia 4500
008
180205s9999 xx 000 0 und d
100
_a
Vanhoose, David
245
_a
Economerce economics /
260
_a
USA
_b
USA
_c
2003
300
_a
513 pages
999
_c
354830
_d
354830